|
|
|
|
| LEADER |
02606nam a2200661 a 4500 |
| 001 |
nkc20051573947 |
| 003 |
CZ PrNK |
| 005 |
20060124111210.0 |
| 007 |
ta |
| 008 |
050629s2005 xr e lp 000 0 cze |
| 015 |
|
|
|a cnb001573947
|
| 020 |
|
|
|a 80-7318-314-5
|q (brož.)
|
| 035 |
|
|
|a (OCoLC)85157357
|
| 040 |
|
|
|a BOA001
|b cze
|d ABA001
|d OLA001
|
| 043 |
|
|
|a e-xr---
|
| 072 |
|
7 |
|a 664
|x Potravinářský průmysl
|2 Konspekt
|9 19
|
| 072 |
|
7 |
|a 37.016
|x Učební osnovy. Vyučovací předměty. Učebnice
|2 Konspekt
|9 22
|
| 080 |
|
|
|a 663/664
|2 MRF
|
| 080 |
|
|
|a 663/664-021.465
|2 MRF
|
| 080 |
|
|
|a 614.31
|2 MRF
|
| 080 |
|
|
|a 34
|2 MRF
|
| 080 |
|
|
|a 005.6
|2 MRF
|
| 080 |
|
|
|a (437.3)
|2 MRF
|
| 080 |
|
|
|a (075.8)
|2 MRF
|
| 080 |
|
|
|a (094.5)
|2 MRF
|
| 100 |
1 |
|
|a Hrabě, Jan,
|d 1943-
|7 mzk2005309209
|4 aut
|
| 245 |
1 |
0 |
|a Legislativa a řízení jakosti v potravinářství /
|c Jan Hrabě, František Buňka, Otakar Rop
|
| 250 |
|
|
|a Vyd. 1.
|
| 260 |
|
|
|a Zlín :
|b Univerzita Tomáše Bati ve Zlíně,
|c 2005
|
| 300 |
|
|
|a 173 s. ;
|c 29 cm
|
| 490 |
1 |
|
|a Učební texty vysokých škol
|
| 500 |
|
|
|a Nad názvem: Univerzita Tomáše Bati ve Zlíně, Fakulta technologická
|
| 500 |
|
|
|a 100 výt.
|
| 504 |
|
|
|a Obsahuje bibliografické odkazy
|
| 650 |
0 |
7 |
|a potravinářství
|7 ph124430
|z Česko
|2 czenas
|
| 650 |
0 |
7 |
|a kvalita potravin
|7 ph135653
|x právní aspekty
|2 czenas
|
| 650 |
0 |
7 |
|a kontrola potravin
|7 ph121822
|x právní aspekty
|2 czenas
|
| 650 |
0 |
7 |
|a management jakosti
|7 ph115218
|2 czenas
|
| 650 |
0 |
9 |
|a food industry and trade
|z Czechia
|2 eczenas
|
| 650 |
0 |
9 |
|a food quality
|x legal aspects
|2 eczenas
|
| 650 |
0 |
9 |
|a food quality control
|x legal aspects
|2 eczenas
|
| 650 |
0 |
9 |
|a quality control
|2 eczenas
|
| 655 |
|
7 |
|a učebnice vysokých škol
|7 fd133772
|2 czenas
|
| 655 |
|
7 |
|a zákony
|7 fd133886
|2 czenas
|
| 655 |
|
7 |
|a právní předpisy
|7 fd133151
|2 czenas
|
| 655 |
|
9 |
|a textbooks (higher)
|2 eczenas
|
| 655 |
|
9 |
|a laws
|2 eczenas
|
| 655 |
|
9 |
|a legal regulations
|2 eczenas
|
| 700 |
1 |
|
|a Buňka, František,
|d 1978-
|7 xx0021696
|4 aut
|
| 700 |
1 |
|
|a Rop, Otakar,
|d 1972-2013
|7 mzk2005309210
|4 aut
|
| 710 |
2 |
|
|a Univerzita Tomáše Bati ve Zlíně.
|b Technologická fakulta
|7 kn20010709223
|
| 810 |
2 |
|
|a Univerzita Tomáše Bati ve Zlíně.
|t Učební texty vysokých škol
|0 s
|
| 856 |
4 |
1 |
|u http://www.digitalniknihovna.cz/mzk/uuid/uuid:a0cb7ab0-e482-11e6-8010-005056827e51
|y Digitalizovaný dokument
|x NDK
|
| 910 |
2 |
|
|a BOA001
|b 3-1159.282
|
| 990 |
|
|
|a BK
|
| 995 |
|
|
|a 01
|
| 991 |
|
|
|b 200511
|c NOV
|
| 996 |
6 |
|
|b 2610261905
|c 3-1159.282
|l MZK
|r Sklad / do 1 hodiny
|n 14
|p p.v.
|w 000795071
|u 000010
|a 1
|e BOA001
|j MZK50
|s P
|